00501nam a2200145Ia 4500008004100000082001200041082000800053245009400061245003600155260003600191300000900227942000800236999001900244952009200263231017s9999 xx 000 0 und d a388.362 bHOW 0aPoverty and Urban Transport in East Africa: Review of Research and Dutch Donor Experience 0cJohn Howe with Deborah Bryceson bJohn Howe with Deborah Bryceson c30cm cREP c604114d604114 00104070aNITbNITd2023-10-17l0o388.362 HOWpNIT-1248r2023-10-17w2023-10-17yREP